Regiony geologiczne Polski (z mapą) - Statystyki

Ogólne statystyki
  • Ten quiz został rozwiązany 134 razy
  • Średni wynik to 2 z 8
Odpowiedzi na mapie
Odpowiedzi zakodowano w zielono-czerwonej skali na mapie do tego quizu, zgodnie z poniższymi procentami.
 
Statystyki odpowiedzi
Odpowiedź % Poprawnych
Platforma wschodnioeuropejska
95%
Blok dolnośląski
18%
Blok górnośląski
17%
Blok pomorski
16%
Blok łysogórski
13%
Najście alpejskie
12%
Blok małopolski
9%
Najście waryscyjskie
9%
Nie znaleziono quizów pasujących do podanych kryteriów
Rozkład punktacji
Procent ludzi z każdym wynikiem
Percentyl według liczby udzielonych odpowiedzi
Twoja historia wyników
Nie rozwiązałeś tego quizu